00554nam a2200169 i 4500001000700000003000900007005001700016007000300033008004100036100003100077245014100108260004300249300002200292650003400314700001500348852002100363128901ES-MaACL20230906193405.0t|070530s1914 sp ||||1| spa d1 aTaylor, Frederick Winslow.13aLa dirección de los talleres b: estudio sobre la organización del trabajo / cFrederick Winslow Taylor ; traducción de E. Lozano. aBarcelona : bFeliu y Susanna, c1914. a251 p. ; c21 cm.04aGestión de la producción.1 aLozano, E. aES-MaACLjG-6300